00897nam a2200217Ia 4500008004100000020001500041050001500056100001600071245002200087245023400109250001700343260002600360260000900386300002200395300001100417700003500428700004400463700004100507999001900548952011200567160319s9999 xx 000 0 und d a9710807528 bR627n 1950 aRizal, Jose aNoli Me Tangere / cni Jose Rizal, isinawikang pambansa mula sa orihinal na Kastila, isinaayos na pampaaralan, nilagyan ng mga tala ukol sa kasaysayan, at mga iba pang paliwanag nina Domingo D. de Guzman, Francisco Laksamana, Maria Odulio de Guzman. a5th edition. bNational Book Store,  c1950 axxii, 381 pages : c21 cm. aDe Guzman, Domingo D., author. aDe Guzman, Maria Odulio, 1895-. Author. aLaksamana, Francisco, 1877-, author. c292319d292319 001040aSSISBbSSISBcFILd2016-03-19l0oFil Fic R627n 1950pUS 0766r2016-03-19 00:00:00w2016-03-19yBK